000 01467nam0a22002891 4500
001 rc\3639989
005 20250610085911.0
021 _aRU
_b[72-41700]
035 _a(NLR Aleph) 007828901
090 _a7768611
_c7768611
100 _a20130115d1972 |||y0rusy50 ca
101 0 _arus
102 _aRU
105 _aa z |||||
200 1 _aМетоды оптимизации систем многосвязного регулирования
_e[Сборник статей
_fОтв. ред. проф., д-р техн. наук М.В. Мееров]
_gАН СССР. Науч. совет по комплексной проблеме "Кибернетика". Ин-т проблем управления (автоматики и телемеханики)
210 _aМосква
_cНаука
_d1972
215 _a127 с.
_cчерт.
_d21
320 _aСписки лит. в конце статей
606 _aАвтоматические системы регулирования, многосвязные
_xОптимизация
_jСборники
_2psbo
702 1 _4340
_7ca
_8rus
_aМееров
_bМ. В.
_f1911-2004
_gМихаил Владимирович
_9271767
_3RU\NLR\AUTH\770271823
712 0 2 _aИнститут проблем управления (автоматики и телемеханики) (Москва)
801 0 _aRU
_bNLR
_gpsbo
801 1 _aRU
_bELAR
_2rusmarc
852 _aNLR
_j72-5/838
942 _cBOOK
980 _aNB